<?xml version="1.0" encoding="UTF-8"?>
<marc:record xmlns:marc="http://www.loc.gov/MARC21/slim">
   <marc:leader>00000nam a2200000 a 4500</marc:leader>
   <marc:datafield ind1="1" ind2=" " tag="100">
      <marc:subfield code="a">Schwabeneder, Mathilde</marc:subfield>
      <marc:subfield code="4">aut</marc:subfield>
      <marc:subfield code="e">Verfasser/-in</marc:subfield>
   </marc:datafield>
   <marc:datafield ind1=" " ind2=" " tag="653">
      <marc:subfield code="a">Widerstand</marc:subfield>
   </marc:datafield>
   <marc:datafield ind1=" " ind2=" " tag="653">
      <marc:subfield code="a">Italien</marc:subfield>
   </marc:datafield>
   <marc:datafield ind1=" " ind2=" " tag="653">
      <marc:subfield code="a">Frau</marc:subfield>
   </marc:datafield>
   <marc:datafield ind1=" " ind2=" " tag="653">
      <marc:subfield code="a">Camorra</marc:subfield>
   </marc:datafield>
   <marc:datafield ind1=" " ind2=" " tag="653">
      <marc:subfield code="a">Mafia</marc:subfield>
   </marc:datafield>
   <marc:datafield ind1=" " ind2=" " tag="653">
      <marc:subfield code="a">Ndrangheta</marc:subfield>
   </marc:datafield>
   <marc:datafield ind1=" " ind2=" " tag="653">
      <marc:subfield code="a">Organisiertes Verbrechen</marc:subfield>
   </marc:datafield>
   <marc:datafield ind1="0" ind2="0" tag="245">
      <marc:subfield code="a">Sie packen aus</marc:subfield>
   </marc:datafield>
   <marc:datafield ind1="0" ind2="0" tag="245">
      <marc:subfield code="b">Frauen im Kampf gegen die Mafia</marc:subfield>
   </marc:datafield>
   <marc:datafield ind1=" " ind2="1" tag="264">
      <marc:subfield code="b">Molden</marc:subfield>
      <marc:subfield code="c">2020</marc:subfield>
   </marc:datafield>
   <marc:datafield ind1="1" ind2=" " tag="520">
      <marc:subfield code="a">Über viele Jahrzehnte war die Bekämpfung des organisierten Verbrechens in Italien von Männern dominiert. Doch seit den 1970ern hat eine neue Generation von Frauen begonnen, gegen die Mafia Widerstand zu leisten.So vertraute Piera Aiello, Augenzeugin bei der Ermordung ihres Mannes, ihr Wissen den Staatsanwälten an und engagiert sich bis heute als Parlamentarierin für einen besseren Schutz der Kronzeugen. Fotografin Letizia Battaglia dokumentiert als Chronistin der Mafia ihre Taten, wie etwa die Ermordung des Bruders des heutigen Staatspräsidenten. Die Journalistin Allessia Candito, mehrfach durch die kalabrische Mafia bedroht, deckt die Verbindungen zwischen Kirche und Mafia auf. Und Laura Garavini setzt mit ihrer Gründung einer Anti-Mafia-Bewegung in Deutschland den Kampf gegen die Mafia auch im deutschsprachigen Raum fort. Mathilde Schwabeneders Porträt dieser Frauenzeichnet ein verstörendes und eindrucksvolles Bild eines Kampfes gegen eine Macht, bei dem ein Sieg aussichtslos scheint trotzdem kämpfen diese Frauen weiter.</marc:subfield>
   </marc:datafield>
   <marc:datafield ind1=" " ind2=" " tag="020">
      <marc:subfield code="a">9783222150562</marc:subfield>
      <marc:subfield code="9">9783222150562</marc:subfield>
   </marc:datafield>
</marc:record>
